Estadísticas para Comunas de la Región de Aysén

Haz click aquí para intentar la prueba.

Estadísticas generales

  • Esta prueba ha sido intentada 18 veces
  • La puntuación promedio es 5 de 10

Estadísticas de respuestas

Comunas% Correcto
CoyhaiqueCoyhaique
83%
AysénCisnes
67%
AysénAysén
50%
General CarreraChile Chico
50%
Capitán PratCochrane
50%
AysénGuaitecas
50%
CoyhaiqueLago Verde
50%
Capitán PratO'Higgins
33%
General CarreraRío Ibáñez
33%
Capitán PratTortel
33%

Distribución de puntuación

Porcentaje por número respondido

Porcentaje de gente con cada puntuación

Historial de tus puntuaciones

No has intentado esta prueba.